Bài giảng môn học phần mềm quản lý và tự động hóa thư viện. Mã môn học: LF4134. Ngành: Khoa học thư viện
Đã lưu trong:
| Príomhúdar: | |
|---|---|
| Formáid: | Leabhar |
| Foilsithe: |
Đồng Tháp
2017
|
| Ábhair: | |
| Clibeanna: |
Cuir Clib Leis
Gan Chlibeanna, Bí ar an gcéad duine leis an taifead seo a chlibeáil!
|
| Thư viện lưu trữ: | Trung tâm Học liệu Lê Vũ Hùng, Trường Đại học Đồng Tháp |
|---|
| LEADER | 00974aam a22003498a 4500 | ||
|---|---|---|---|
| 001 | 00037296 | ||
| 005 | 20171026081025.0 | ||
| 008 | 170511s2017 ||||||Viesd | ||
| 041 | 0 | # | |a Vie |
| 082 | 1 | # | |a 025.4 |b B103GI |
| 100 | 0 | # | |a Tô, Lan Phương |
| 245 | 1 | 0 | |a Bài giảng môn học phần mềm quản lý và tự động hóa thư viện. Mã môn học: LF4134. Ngành: Khoa học thư viện |c Tô Lan Phương |
| 260 | # | # | |a Đồng Tháp |c 2017 |
| 300 | # | # | |a 18 tr. |b Minh họa |c 29 cm. |
| 653 | # | # | |a Kỹ năng |
| 653 | # | # | |a Phần mềm |
| 653 | # | # | |a Tồ chức |
| 653 | # | # | |a Tự động hóa |
| 852 | # | # | |b Kho đọc |j KD.0020046 |
| 852 | # | # | |j KD.0020046 |
| 910 | |d 11/05/2017 | ||
| 980 | # | # | |a Trung tâm Học liệu Lê Vũ Hùng, Trường Đại học Đồng Tháp |